KAA Gent players (2010-2020) - Statistics

General Stats
  • This quiz has been taken 4 times
  • The average score is 67 of 150
Answer Stats
Rank Player Positions Nationality Matches Goals (assists) Period % Correct
29 Benito Raman ST 47 10 (6) 2011-2013, 2014-2016
100%
2 Brecht Dejaegere CM 158 16 (23) 2013-2020
100%
25 Jonathan David ST 50 26 (12) 2018-2020
100%
9 Laurent Depoitre ST 80 32 (14) 2014-2017, 2019-2020
100%
26 Lovre Kalinic GK 49 0 (1) 2016-2019
100%
1 Nana Asare LB 167 3 (10) 2013-2020
100%
12 Sven Kums CM 74 13 (7) 2014-2017, 2019-2020
100%
42 Thomas Kaminski GK 38 0 (0) 2018-2020
100%
70 Alessio Castro-Montes RM 21 2 (4) 2019-2020
75%
20 Anderson Esiti DM 58 0 (0) 2016-2019
75%
102 Anderson Niangbo AM 7 3 (1) 2019-2020
75%
71 Arnaud Souquet RB 21 0 (2) 2018-2019
75%
141 Bruno Godeau CB 1 0 (0) 2019-2020
75%
19 Christophe Lepoint CM 59 4 (6) 2010-2011, 2012-2015
75%
5 Danijel Milicevic AM 93 17 (23) 2013-2018
75%
28 Dylan Bronn CB 48 9 (0) 2017-2020
75%
24 Elimane Coulibaly ST 51 13 (6) 2010-2013
75%
57 Elisha Owusu DM 27 0 (0) 2019-2020
75%
65 Franko Andrijasevic AM 23 2 (2) 2017-2019
75%
41 Giorgi Chakvetadze AM 39 5 (6) 2017-2020
75%
58 Giorgi Kvilitaia ST 27 4 (5) 2018-2020
75%
6 Hannes Van Der Bruggen DM 93 5 (12) 2011-2017
75%
37 Igor Plastun CB 44 1 (3) 2018-2020
75%
21 Ilombe Mboyo ST 53 22 (6) 2010-2014
75%
88 Jacob Rinne GK 13 0 (0) 2016-2018
75%
66 Jérémy Perbet ST 23 10 (2) 2016-2017
75%
33 Kalifa Coulibaly ST 45 8 (8) 2015-2018
75%
16 Kenny Saief LM 64 8 (5) 2014-2018
75%
13 Matz Sels GK 69 0 (1) 2013-2016
75%
55 Michael Ngadeu CB 29 3 (0) 2019-2020
75%
83 Mikael Lustig RB 16 0 (3) 2019-2020
75%
78 Milad Mohammadi LB 18 1 (2) 2019-2020
75%
10 Moses Simon LW 76 16 (11) 2014-2018
75%
53 Nicklas Pedersen ST 30 6 (3) 2013-2016
75%
8 Rafinha CB 84 2 (4) 2011-2016
75%
4 Renato Neto DM 110 12 (4) 2012-2017, 2018-2019
75%
61 Roman Bezus AM 27 7 (2) 2018-2020
75%
14 Roman Yaremchuk ST 69 27 (6) 2017-2020
75%
44 Samuel Gigot CB 37 2 (4) 2016-2018
75%
50 Samuel Kalu RW 32 8 (9) 2016-2018
75%
15 Stefan Mitrovic CB 68 3 (0) 2015-2018
75%
3 Thomas Foket RB 114 2 (11) 2012-2013, 2014-2019
75%
79 Yannick Thoelen GK 18 0 (0) 2016-2019
75%
35 Yuya Kubo AM 45 12 (2) 2016-2020
75%
107 Aboubakary Koita LW 6 0 (1) 2018-2019
50%
96 Alexander Sørloth ST 9 3 (1) 2018-2019
50%
38 Bernd Thijs DM 43 17 (1) 2010-2013
50%
36 Birger Verstraete DM 44 5 (3) 2016-2019
50%
124 Colin Coosemans GK 3 0 (0) 2018-2020
50%
76 David Pollet ST 18 2 (0) 2014-2015
50%
97 Dieumerci Ndongala RW 9 0 (1) 2016-2017
50%
46 Frank Boeckx GK 34 0 (0) 2010-2014
50%
63 Jean-Luc Dompé LW 25 1 (6) 2018-2020
50%
17 Lasse Nielsen CB 64 1 (4) 2014-2017
50%
93 Louis Verstraete DM 12 1 (1) 2016-2018, 2019-2020
50%
60 Mamadou Sylla ST 27 1 (5) 2017-2018, 2019-2020
50%
113 Moubarak Boussoufa AM 5 2 (0) 2015-2016
50%
23 Rami Gershon CB 52 1 (1) 2014-2017
50%
100 Rangelo Janga ST 8 4 (2) 2017-2018
50%
39 Sergio Padt GK 42 0 (0) 2011-2014
50%
56 Sigurd Rosted CB 28 5 (0) 2017-2019
50%
73 Stallone Limbombe RW 21 4 (7) 2018-2019
50%
121 Sulayman Marreh DM 4 0 (1) 2019-2020
50%
99 Timothy Derijck CB 9 0 (0) 2018-2019
50%
31 Vadis Odjidja-Ofoe CM 47 7 (11) 2018-2020
50%
132 Adnan Custovic RW 2 0 (0) 2010-2011
25%
114 Adriano Duarte CB 4 0 (0) 2010-2011
25%
140 Ahmed Mostafa AM 1 0 (0) 2018-2019
25%
123 Alpha Ba CB 3 0 (0) 2011-2012
25%
133 Anders Christiansen CM 2 0 (0) 2017-2018
25%
90 Ante Puljic CB 12 1 (0) 2013-2015
25%
45 Bojan Jorgacevic GK 36 0 (0) 2010-2012
25%
87 Carlos Diogo RB 13 2 (0) 2013-2014
25%
18 César Arzo CB 61 4 (1) 2010-2014
25%
27 Christian Brüls AM 48 3 (18) 2011-2013
25%
75 Christophe Grondin DM 18 0 (1) 2010-2011
25%
108 Damien Marcq CB 6 0 (1) 2017-2018
25%
134 Darko Bjedov ST 2 0 (0) 2016-2017
25%
72 David Hubert DM 21 0 (2) 2012-2014
25%
91 Deiver Machado LB 12 0 (1) 2017-2018
25%
115 Dylan Mbayo RW 4 0 (0) 2019-2020
25%
142 Édson Montaño ST 1 0 (0) 2010-2011
25%
143 Emir Kujovic ST 1 0 (0) 2016-2017
25%
111 Enis Gavazaj LW 5 0 (1) 2013-2014
25%
135 Eric Smith CB 2 0 (0) 2018-2019
25%
98 Erik Berg CB 9 0 (0) 2015-2016
25%
94 Erlend Hanstveit LB 11 0 (0) 2010-2011
25%
64 Ervin Zukanovic CB 23 1 (1) 2012-2014
25%
144 Giorgi Beridze LW 1 0 (0) 2019-2020
25%
145 Gustav Wikheim LW 1 0 (0) 2015-2016
25%
92 Habib Habibou ST 12 5 (1) 2013-2015
25%
125 Haris Hajradinovic AM 3 0 (0) 2014-2015
25%
146 Hatem Abd Elhamed CB 1 0 (0) 2015-2016
25%
59 Hervé Kage LW 27 5 (2) 2012-2014
25%
22 Ibrahima Conté AM 52 4 (4) 2010-2013
25%
116 Ibrahim Rabiu CM 4 0 (0) 2016-2017
25%
117 Jari Vandeputte LW 4 0 (1) 2013-2014
25%
126 Jérémy Taravel CB 3 0 (0) 2016-2017
25%
43 Jesper Jørgensen CM 37 10 (7) 2010-2012
25%
147 Jinty Caenepeel RW 1 0 (0) 2013-2014
25%
77 Jordan Remacle RW 18 2 (4) 2012-2013
25%
112 Jorge López RW 5 0 (1) 2012-2013
25%
103 Karim Belhocine CB 7 0 (0) 2014-2015
25%
89 Kenny Thompson LB 13 0 (0) 2010-2011
25%
104 Leandro González Pírez CB 7 0 (0) 2013-2014
25%
118 Lucas Deaux DM 4 0 (1) 2015-2016
25%
119 Magnus Eriksson CM 4 0 (1) 2012-2013
25%
67 Mamoutou N'Diaye CM 23 2 (0) 2011-2013
25%
105 Marcel Gecov CM 7 0 (1) 2012-2013
25%
40 Mario Baric RB 40 0 (2) 2010-2012
25%
109 Marko Poletanovic DM 6 0 (0) 2014-2016
25%
47 Marko Suler CB 33 0 (2) 2010-2012
25%
74 Matija Skarabot LB 19 0 (1) 2010-2013
25%
30 Melli CB 47 3 (1) 2011-2013
25%
136 Mix Diskerud CM 2 0 (1) 2011-2012
25%
80 Mohamed Messoudi AM 17 0 (1) 2012-2013
25%
110 Mustapha Oussalah LB 6 0 (2) 2014-2015
25%
127 Nermin Zolotić CB 3 0 (0) 2014-2015
25%
148 Nicolas Raskin CM 1 0 (0) 2017-2018
25%
120 Noë Dussenne CB 4 0 (0) 2017-2018
25%
128 Ofir Davidzada LB 3 0 (0) 2016-2017
25%
81 Pau Cendrós RB 17 0 (0) 2012-2014
25%
149 Philip Azango LW 1 0 (0) 2018-2019
25%
84 Randall Azofeifa DM 16 2 (4) 2010-2011
25%
49 Rémi Maréval LB 32 4 (3) 2011-2014
25%
86 Rob Schoofs CM 15 1 (2) 2015-2017
25%
68 Rodgers Kola ST 22 2 (0) 2012-2014
25%
129 Roy Myrie CB 3 0 (0) 2010-2011
25%
95 Sébastien Locigno RB 10 0 (0) 2013-2015
25%
150 Serge Tabekou LW 1 0 (0) 2015-2016
25%
54 Shlomi Arbeitman ST 30 5 (0) 2010-2013
25%
137 Siebe Horemans RB 2 0 (0) 2016-2018
25%
130 Simon Diédhiou ST 3 0 (0) 2015-2016
25%
82 Sloan Privat ST 17 2 (0) 2013-2014
25%
69 Stef Wils CB 22 2 (0) 2010-2011
25%
48 Stijn De Smet AM 33 4 (7) 2010-2011, 2012-2013
25%
85 Taiwo Awoniyi ST 16 0 (0) 2018-2019
25%
101 Thibault De Smet LB 8 1 (0) 2016-2017, 2018-2019
25%
62 Thomas Matton AM 27 4 (3) 2015-2018
25%
34 Tim Smolders CM 45 9 (9) 2010-2012
25%
138 Tom Boere ST 2 0 (0) 2011-2012
25%
139 Uros Vitas CB 2 0 (0) 2014-2016
25%
52 Valery Nahayo CB 31 0 (0) 2011-2014
25%
51 Wallace LB 32 1 (6) 2010-2013
25%
131 William Troost-Ekong CB 3 0 (0) 2016-2017
25%
11 Yassine El Ghanassy LW 75 15 (15) 2010-2012, 2013-2014
25%
7 Yaya Soumahoro LW 86 12 (14) 2010-2016
25%
122 Zakaria M'Sila CM 4 0 (0) 2010-2012
25%
106 Zié Diabaté LB 7 0 (2) 2013-2014
25%
32 Zlatan Ljubijankic ST 46 12 (10) 2010-2012
25%
No matching quizzes found
Score Distribution
Percent of People with Each Score
Percentile by Number Answered
Your Score History
You have not taken this quiz